Интернационална дружба (Запис номер 485300)
[ съкратено ]
| 000 -Лидер | |
|---|---|
| Контролно поле с фиксирана дължина | nam a22 a 4500 |
| 003 - Код на организацията, давaща контролен номер | |
| Контролно поле | BLK |
| 005 - Дата и час на последна редакция | |
| Контролно поле | 20221208132606.0 |
| 008 - Елементи от данни с фиксирана дължина | |
| fixed length control field | 221208b bul|||||r ||||||| ||bul|| |
| 040 ## - Източник на каталожния запис | |
| Идентификатор на билиотеката - собственик на записа | BLK |
| 041 ## - Код за език | |
| Код за езика на текст/звукозапис или на отделно заглавие | Български |
| Код за езика КДБФ | Български |
| 080 ## - УДК | |
| Текстов определител УДК | Политически и национални младежки движения |
| УДК код - определител по УДК | 329.78 |
| УДК определител | ДКМС(075.4) |
| УДК - код + определител | 329.78ДКМС(075.4) |
| 139 ## - Редно поле | |
| Редна дума | Интернационална дружба |
| Авторски знак | Инт - И 72 |
| 245 10 - Сведения за заглавието | |
| Заглавие | Интернационална дружба |
| Подзаглавни данни | сборник : за участниците в полит. уч. г. на ДКМС |
| Редно поле (дума) | Ангел Веков и др.; състав. Теодоси Радков |
| 250 ## - Област на изданието | |
| Сведения за изданието | 2. изд. |
| 257 ## - Страна на издаване | |
| Страна на създаване/издаване | България |
| 260 ## - Област на издателските данни | |
| Място на издаване, разпространение и проч. | София |
| Име на издателя, разпространителя и проч. | Нар. младеж |
| Година на издаване | 1980 |
| Печатница | Варна : Ст. Добрев-Странджата |
| 9 (RLIN) | 210040 |
| 300 ## - Физическа характеристика | |
| Страници | 247 с. |
| Размери/Мащаб | 20 см |
| 380 ## - Жанр | |
| Жанр | Обществени науки |
| 490 ## - СЕРИИ (Колекции) | |
| Име на серия | В помощ на политическата учебна година на Димитровския комсомол |
| 9 (RLIN) | 206517 |
| 500 ## - Общи забележки | |
| Забележка | Други авт.: Г. Славов, Ив. Киров, Ив. Домусчиев, Е. Шейнова, Гр. Попов, Ив. Костов, Д. Дерменджиева, Ал. Витанов, З. Захариев, Т. Радков, С. Величкова, К. Коцалиев. - Изд. на Клуб Съвременник. Секция Интернационална дружба |
| 650 #0 - Допълнително описание по предмет – тема | |
| 9 (RLIN) | 302301 |
| Основно описание – тема или топоним | ДКМС - история |
| 653 #0 - Ключова дума – ненормативна | |
| Ключова дума | интернационална дейност |
| 9 (RLIN) | 470255 |
| 653 #7 - Ключова дума – ненормативна | |
| Ключова дума | младежки движения |
| 9 (RLIN) | 191240 |
| 700 ## - Други автори (авторска отговорност) | |
| Лично име | Радков, Теодоси |
| Автороска отговорност (Описва отношението между автора и произведението) | състав. |
| 9 (RLIN) | 410164 |
| 852 ## - Местоположение | |
| Форматна сигнатура | Цб 106959 |
| Фондова буква | Хранилище |
| 856 ## - Електронен адрес и достъп | |
| Инструкция (цена за достъп) | 0.00 |
| Права за достъп | disable |
| 999 ## - СИСТЕМНИ КОНТРОЛНИ НОМЕРА | |
| Koha biblionumber | 485300 |
| Koha biblioitemnumber | 485300 |
| 942 ## - АРТИКУЛИ | |
| Вид на библиотечния материал | Книги |
| Скрит в OPAC | Не |
| Периодичен библиозапис | Да |
| 944 ## - СЪЗДАВАНЕ И РЕДАКЦИЯ на ЗАПИСА | |
| Създаване/Редакция | Създаване |
| Дата на регистрацията/редакция | 2022-12-08 |
| Служител, извършил регистрацията/редакцията | ГГГ |
| Код за отписване | Код за изгубен артикул | Източник на класификационната схема | Код за повреда | Коз за рестрикции | Код за отдаване | Артикулен № | Име на библиотеката - собственик | Име на библиотеката, в която се намира в момента | Статус (Текущо местоположение) | Дата на вписване в системата | Местоположение - отдел | Цена в лева | Инвентарен номер | Систематично азбучна сигнатура | Баркод | Цена в евро | Служебен тип на артикула |
|---|---|---|---|---|---|---|---|---|---|---|---|---|---|---|---|---|---|
| Не е изгубен | Universal Decimal Classification | Не е повреден | само за читалня | ползва се в читалня | 917992 | Регионална библиотека "Любен Каравелов" Русе | Регионална библиотека "Любен Каравелов" Русе | Хранилище | 2022-12-09 | Хранилище | 1.08 | 319189 | Цб 106959 | 120000319189 | 0.55 | Книги |